[Event "European Youth Chess Championship G10"]
[Site "Prague, Top Hotel Prague"]
[Date "2016.08.27"]
[Round "9.13"]
[White "Donchenko, Ekaterina"]
[Black "Zabrzanska, Weronika"]
[Result "0-1"]
[WhiteElo "1362"]
[BlackElo "1486"]
[PlyCount "112"]
[EventDate "2016.08.18"]

1. e4 e5 2. Nf3 Nc6 3. Bb5 a6 4. Ba4 Nf6 5. d3 b5 6. Bb3 Bc5 7. O-O d6 8. Nbd2
Bg4 9. h3 Bh5 10. c3 O-O 11. Re1 Bb6 12. Nf1 h6 13. Ng3 Bg6 14. Nh4 Nxe4 15.
Nxg6 Bxf2+ 16. Kh1 Nxg3+ 17. Kh2 Bxe1 18. Qxe1 Nh5 19. Nxf8 Kxf8 20. Bd5 Ne7
21. Bxa8 Qxa8 22. Qh4 Nf4 23. Bxf4 Ng6 24. Qf2 Nxf4 25. Rf1 f6 26. d4 Qd5 27.
dxe5 Qxe5 28. Qa7 Ne2+ 29. Kh1 Ng3+ 30. Kg1 Nxf1 31. Qb8+ Qe8 32. Qxc7 Ne3 33.
Qxd6+ Qe7 34. Qxa6 Qe4 35. Qc8+ Kf7 36. Qc7+ Kg8 37. Qb8+ Kh7 38. Qg3 Nf5 39.
Qb8 Qe1+ 40. Kh2 Qe5+ 41. Qxe5 fxe5 42. b3 Kg6 43. g4 Nd6 44. a4 bxa4 45. bxa4
Nc4 46. Kg3 Kf6 47. Kf3 Ke6 48. Ke4 g5 49. Kd3 Kd5 50. Kc2 e4 51. Kd1 Nb2+ 52.
Ke2 Nxa4 53. Kd2 Ke5 54. Kc2 Kf4 55. Kb3 Nxc3 56. Kxc3 Kf3 0-1

[Event "European Youth Chess Championship G10"]
[Site "Prague, Top Hotel Prague"]
[Date "2016.08.27"]
[Round "9.14"]
[White "Mikheeva, Galina"]
[Black "Schneider, Anna"]
[Result "1-0"]
[WhiteElo "1477"]
[BlackElo "1332"]
[PlyCount "79"]
[EventDate "2016.08.18"]

1. e4 e5 2. Nf3 Nc6 3. Nc3 Nf6 4. d4 exd4 5. Nxd4 Nxe4 6. Nxe4 Qe7 7. f3 d5 8.
Bb5 Bd7 9. O-O dxe4 10. Bxc6 bxc6 11. Re1 O-O-O 12. Rxe4 Qf6 13. Qe2 Kb7 14.
Be3 Bc5 15. Rd1 Rhe8 16. Nb3 Bb6 17. Rd3 Rxe4 18. fxe4 Qxb2 19. Nc5+ Kc8 20. a3
Qb5 21. a4 Qb2 22. Rb3 Qa1+ 23. Kf2 Qf6+ 24. Kg3 Qd6+ 25. Kf2 Re8 26. Qa6+ Kd8
27. Nb7+ Ke7 28. Nxd6 cxd6 29. Bxb6 axb6 30. Rxb6 Kf8 31. Qb7 Bg4 32. Qxc6 Kg8
33. Kg3 h5 34. h3 Be6 35. Qxe8+ Kh7 36. Rxd6 Kg6 37. Rxe6+ Kh7 38. Qxf7 Kh8 39.
Qxh5+ Kg8 40. Re8# 1-0

[Event "European Youth Chess Championship G10"]
[Site "Prague, Top Hotel Prague"]
[Date "2016.08.27"]
[Round "9.16"]
[White "Mamardashvili, Ana"]
[Black "Zavivaeva, Emilia"]
[Result "0-1"]
[WhiteElo "1292"]
[BlackElo "1443"]
[PlyCount "117"]
[EventDate "2016.08.18"]

1. e4 e6 2. d4 d5 3. exd5 exd5 4. Bd3 Nf6 5. h3 Bd6 6. Qf3 Be6 7. Ne2 Nc6 8. c3
h6 9. Bf4 Qd7 10. Bxd6 Qxd6 11. Nd2 O-O-O 12. O-O-O a6 13. Nb3 Kb8 14. Nc5 Nd7
15. Nxd7+ Qxd7 16. g4 b5 17. b4 Qc8 18. Kc2 Qb7 19. Ra1 Ne7 20. a4 c6 21. Rab1
Nc8 22. Nc1 Nb6 23. a5 Na4 24. Nb3 Qd7 25. Nc5 Nxc5 26. bxc5 h5 27. Rhg1 hxg4
28. hxg4 Kb7 29. Qg3 Rh6 30. f3 Rdh8 31. Kb3 Rh3 32. Qf4 g5 33. Qf6 Qc7 34. Bf1
R3h6 35. Qxg5 Rg6 36. Qe5 Qxe5 37. dxe5 d4+ 38. Kb4 dxc3 39. Kxc3 Rd8 40. Bd3
Rg5 41. Rge1 Rd5 42. Kd2 Rxc5 43. Rbc1 Rgxe5 44. Rxc5 Rxc5 45. Rg1 Rd5 46. f4
Rd4 47. Ke3 Ra4 48. f5 Bd5 49. g5 Rxa5 50. g6 fxg6 51. fxg6 Ra4 52. g7 Bg8 53.
Kf3 Rd4 54. Ke3 Rd7 55. Bf5 Rf7 56. Ke4 Re7+ 57. Kf4 a5 58. Rg5 Re1 59. Be4 0-1

[Event "European Youth Chess Championship G10"]
[Site "Prague, Top Hotel Prague"]
[Date "2016.08.27"]
[Round "9.17"]
[White "Bashylina, Luisa"]
[Black "Portero, Bravo Aitana"]
[Result "1-0"]
[WhiteElo "1664"]
[BlackElo "1228"]
[PlyCount "109"]
[EventDate "2016.08.18"]

1. d4 d6 2. Nf3 Nf6 3. h3 Nbd7 4. Bf4 g6 5. e3 Bg7 6. c3 O-O 7. Be2 Re8 8. O-O
e5 9. dxe5 dxe5 10. Nxe5 Nxe5 11. Qxd8 Rxd8 12. Bxe5 c6 13. Rd1 Be6 14. Nd2 Rd5
15. Bh2 Rad8 16. Nb3 Rxd1+ 17. Rxd1 Re8 18. Bf3 Bxb3 19. axb3 Rc8 20. Kf1 b6
21. Ra1 a5 22. Rd1 c5 23. Rd6 b5 24. Ra6 b4 25. Rxa5 bxc3 26. bxc3 Ne8 27. c4
Bc3 28. Ra7 Nf6 29. Bg3 h6 30. Bh2 Kg7 31. Bd6 h5 32. Rb7 Bb4 33. Rb5 Kh6 34.
Bb7 Rd8 35. Bxc5 Rd1+ 36. Ke2 Rd2+ 37. Kf3 Bxc5 38. Rxc5 Nd7 39. Rd5 Rxd5 40.
Bxd5 f5 41. b4 g5 42. c5 Kg6 43. c6 Nb6 44. c7 g4+ 45. Ke2 gxh3 46. gxh3 Kf6
47. Bb7 Ke5 48. c8=Q Nxc8 49. Bxc8 Kd5 50. b5 Kc5 51. Bd7 h4 52. Kf3 Kb6 53.
Kf4 Kc7 54. Bc6 Kb6 55. Kxf5 1-0

[Event "European Youth Chess Championship G10"]
[Site "Prague, Top Hotel Prague"]
[Date "2016.08.27"]
[Round "9.18"]
[White "Veremiuk, Veronika"]
[Black "Nguyen, Phuong Thao Vivien"]
[Result "1-0"]
[WhiteElo "1330"]
[BlackElo "1578"]
[PlyCount "129"]
[EventDate "2016.08.18"]

1. e4 c5 2. Nf3 d6 3. Bb5+ Bd7 4. Bxd7+ Qxd7 5. O-O Nc6 6. c3 Nf6 7. Re1 e6 8.
d4 cxd4 9. cxd4 d5 10. e5 Ne4 11. Nbd2 Nxd2 12. Bxd2 Be7 13. Rc1 O-O 14. Rc3
Rac8 15. a3 h6 16. Rd3 a6 17. Kh1 Na7 18. h3 Rc7 19. Rc3 Nb5 20. Rxc7 Nxc7 21.
Be3 Na8 22. Qb3 b5 23. Rc1 Nb6 24. Nd2 Rc8 25. Qd1 Nc4 26. Nxc4 dxc4 27. Qd2
Kh7 28. f4 Qb7 29. Qc2+ Kg8 30. Bd2 Qd5 31. Bc3 Bd8 32. Qd2 Ra8 33. Bb4 Qc6 34.
b3 a5 35. Bd6 Bc7 36. Bxc7 Qxc7 37. bxc4 bxc4 38. d5 exd5 39. Qxd5 Rc8 40. Rc3
Kf8 41. Kg1 Qb6+ 42. Kh2 Qc5 43. Qxc5+ Rxc5 44. Kg3 Ke7 45. Kf3 Ke6 46. Ke4 Kd7
47. Kd4 Kc6 48. Rxc4 Rxc4+ 49. Kxc4 Kb6 50. a4 Kc6 51. Kd4 h5 52. g4 hxg4 53.
hxg4 g6 54. g5 Kc7 55. Kc5 Kb7 56. Kd6 Kb6 57. Ke7 Kc5 58. Kxf7 Kb4 59. e6 Kxa4
60. e7 Kb3 61. e8=Q a4 62. Qe1 a3 63. Qa1 a2 64. Kxg6 Ka3 65. f5 1-0

[Event "European Youth Chess Championship G10"]
[Site "Prague, Top Hotel Prague"]
[Date "2016.08.27"]
[Round "9.19"]
[White "Ray, Hiya"]
[Black "Melenchuk, Olga"]
[Result "1-0"]
[WhiteElo "1391"]
[BlackElo "1507"]
[PlyCount "81"]
[EventDate "2016.08.18"]

1. d4 d5 2. Nf3 c6 3. c4 e6 4. Nbd2 Nf6 5. g3 Nbd7 6. Bg2 c5 7. O-O Qc7 8. b3
cxd4 9. Nxd4 Bc5 10. Bb2 O-O 11. Qc2 Qb6 12. e3 Nb8 13. Rac1 Be7 14. cxd5 exd5
15. Nf5 Bxf5 16. Qxf5 Rd8 17. Be5 Nc6 18. Bxf6 Bxf6 19. Rfd1 Qa5 20. a4 Rac8
21. e4 dxe4 22. Rc5 Qc7 23. Bxe4 Qd7 24. Qxh7+ Kf8 25. Rcc1 Qc7 26. Re1 Be5 27.
Bxc6 bxc6 28. Qh8+ Ke7 29. Qxg7 Rf8 30. Rxe5+ Kd7 31. Nc4 Qb7 32. Rd1+ Kc7 33.
Re7+ Kb8 34. Rxb7+ Kxb7 35. Nd6+ Kb8 36. Nxc8 Kxc8 37. Qxf8+ Kb7 38. Rd7+ Kb6
39. Qb4+ Ka6 40. Rc7 c5 41. Rc6# 1-0

[Event "European Youth Chess Championship G10"]
[Site "Prague, Top Hotel Prague"]
[Date "2016.08.27"]
[Round "9.20"]
[White "Trgovac, Marta"]
[Black "Alimova, Dana"]
[Result "1/2-1/2"]
[WhiteElo "1277"]
[BlackElo "1451"]
[PlyCount "52"]
[EventDate "2016.08.18"]

1. c4 c5 2. Nf3 Nc6 3. Nc3 e6 4. d3 g6 5. Bf4 a6 6. g3 d5 7. cxd5 exd5 8. Bg2
Bg7 9. O-O Nf6 10. Nd2 O-O 11. Bg5 Be6 12. Na4 b6 13. e4 Rb8 14. Re1 Qd7 15.
exd5 Bxd5 16. Ne4 Nxe4 17. dxe4 Be6 18. Qxd7 Bxd7 19. Bf4 Be5 20. Bxe5 Nxe5 21.
Nc3 Nd3 22. Red1 c4 23. b3 Be6 24. Nd5 b5 25. Nc7 Rb6 26. Nd5 Rd6 1/2-1/2

[Event "European Youth Chess Championship G10"]
[Site "Prague, Top Hotel Prague"]
[Date "2016.08.27"]
[Round "9.21"]
[White "Hernandez, Tellez Claudia"]
[Black "Bialek, Alicja"]
[Result "1-0"]
[WhiteElo "1399"]
[BlackElo "1182"]
[PlyCount "129"]
[EventDate "2016.08.18"]

1. e4 c5 2. c3 e5 3. d4 cxd4 4. cxd4 exd4 5. Qxd4 Nc6 6. Qd1 Nf6 7. Nc3 Bb4 8.
Bd3 O-O 9. Nge2 d5 10. exd5 Nxd5 11. Qc2 h6 12. O-O Bxc3 13. Nxc3 Ndb4 14. Bh7+
Kh8 15. Qb1 g6 16. Bxh6 Kxh7 17. Bxf8 Qxf8 18. Qe4 Bf5 19. Qh4+ Kg7 20. a3 Nc2
21. Rad1 Qc5 22. Rd5 Qb6 23. Rb5 Qc7 24. Rd5 Rh8 25. Qg3 Qxg3 26. hxg3 Kf6 27.
Rfd1 Ke7 28. R5d2 Kf6 29. Nd5+ Kg5 30. Nf4 Re8 31. Ne2 Kh6 32. Rc1 Rd8 33.
Rdxc2 Bxc2 34. Rxc2 Rd1+ 35. Kh2 Rd5 36. Nc3 Nd4 37. Nxd5 Nxc2 38. Kg1 Kg5 39.
Kf1 Kf5 40. Ke2 Ke5 41. Ne3 Nd4+ 42. Kd3 b5 43. f4+ Ke6 44. Kxd4 Kd6 45. g4 f6
46. b3 a6 47. Nd5 f5 48. gxf5 gxf5 49. Ne3 a5 50. Nxf5+ Ke6 51. Ne3 Kd6 52. g4
Kc6 53. f5 Kd6 54. g5 Ke7 55. Ke5 b4 56. a4 Kf7 57. g6+ Ke7 58. f6+ Kf8 59. g7+
Kf7 60. Nc4 Kg8 61. Ke6 Kh7 62. Kf7 Kh6 63. g8=Q Kh5 64. Ne3 Kh6 65. Qg3 1-0

[Event "European Youth Chess Championship G10"]
[Site "Prague, Top Hotel Prague"]
[Date "2016.08.27"]
[Round "9.22"]
[White "Gasparyan, Milena"]
[Black "Dallemura, Anna"]
[Result "1/2-1/2"]
[WhiteElo "1459"]
[BlackElo "1064"]
[PlyCount "97"]
[EventDate "2016.08.18"]

1. Nf3 Nc6 2. g3 e5 3. d3 Nf6 4. Bg2 d5 5. O-O Bc5 6. e3 Bb6 7. Nc3 O-O 8. b3
Re8 9. Bb2 Bf5 10. Qe2 Bg6 11. Nh4 Bh5 12. Qd2 e4 13. dxe4 Nxe4 14. Qc1 Nxc3
15. Bxc3 Ba5 16. Bxa5 Nxa5 17. Qd2 c6 18. Nf3 Bxf3 19. Bxf3 b6 20. Rfd1 Rc8 21.
Qc3 Qg5 22. h4 Qe5 23. Qxe5 Rxe5 24. Rd4 f5 25. Rad1 b5 26. a4 a6 27. Ra1 Nb7
28. axb5 axb5 29. Ra6 Nc5 30. Ra7 g6 31. g4 Kh8 32. gxf5 gxf5 33. Kh2 Ne4 34.
Bxe4 fxe4 35. Rd1 Rg8 36. Rc7 Rg6 37. Ra1 Re8 38. Raa7 Rh6 39. Kh3 Rf8 40. Rf7
Rxf7 41. Rxf7 Kg8 42. Rc7 Rf6 43. Kg3 h5 44. Rd7 Rf4 45. Kg2 Rf6 46. Kg3 Rf3+
47. Kg2 Rf6 48. Kg3 Rf3+ 49. Kg2 1/2-1/2

[Event "European Youth Chess Championship G10"]
[Site "Prague, Top Hotel Prague"]
[Date "2016.08.27"]
[Round "9.23"]
[White "Katter, Marlene"]
[Black "Cherepanova, Evita"]
[Result "0-1"]
[WhiteElo "1235"]
[BlackElo "1675"]
[PlyCount "98"]
[EventDate "2016.08.18"]

1. e4 e6 2. d4 d5 3. exd5 exd5 4. c4 Nf6 5. Nc3 Bb4 6. a3 Bxc3+ 7. bxc3 O-O 8.
Nf3 Bg4 9. Be3 Re8 10. h3 Bf5 11. Be2 c6 12. Qb3 Qc7 13. c5 Nbd7 14. O-O b6 15.
cxb6 axb6 16. Nh4 Be6 17. Bd3 c5 18. Rfc1 c4 19. Bxh7+ Nxh7 20. Qc2 Nhf6 21.
Nf3 Ne4 22. Qb2 Bf5 23. Nh4 Bh7 24. Qb5 Ndf6 25. Ra2 Ra5 26. Qb4 Qa7 27. Nf3
Ra4 28. Qb2 Nd6 29. Ne5 Nf5 30. Bg5 Ne4 31. Bf4 Qb7 32. Qb5 Raa8 33. a4 g5 34.
Bh2 Re6 35. f3 Nf6 36. Rca1 Qa6 37. Qb2 Kg7 38. Ng4 Nxg4 39. hxg4 Nh4 40. Qb4
Rae8 41. Kf2 Bd3 42. Be5+ f6 43. Bd6 Re2+ 44. Rxe2 Rxe2+ 45. Kg1 Rxg2+ 46. Kh1
Re2 47. Bf8+ Kg6 48. Bh6 Nxf3 49. Qf8 Rh2# 0-1

[Event "European Youth Chess Championship G10"]
[Site "Prague, Top Hotel Prague"]
[Date "2016.08.27"]
[Round "9.24"]
[White "Spada, Vittoria"]
[Black "Chachiachvili, Salome"]
[Result "1-0"]
[WhiteElo "1241"]
[BlackElo "1391"]
[PlyCount "107"]
[EventDate "2016.08.18"]

1. d4 d6 2. Nf3 Nd7 3. c4 e5 4. e4 Ngf6 5. Nc3 c6 6. Bd3 Be7 7. O-O O-O 8. Be3
Qc7 9. d5 a5 10. a3 h6 11. b4 c5 12. Qb3 Nb6 13. Rab1 a4 14. Qb2 Nbd7 15. Bc2
cxb4 16. Qxb4 Nc5 17. Bxc5 dxc5 18. Qb6 Qxb6 19. Rxb6 Bd8 20. Rb2 Ra5 21. Nxa4
Nd7 22. Rd1 f6 23. Nh4 Re8 24. Nf5 Bc7 25. d6 Bd8 26. Rd3 b6 27. Rg3 g6 28.
Nxh6+ Kh7 29. Nf7 Ra6 30. Nxd8 Rxd8 31. Rbb3 Bb7 32. Nc3 Nb8 33. Rd3 Nc6 34.
Nb5 Na5 35. Nc7 Nxb3 36. Nxa6 Nc1 37. Rh3+ Kg7 38. Nc7 Kg8 39. Nb5 Bc6 40. Rh6
Kg7 41. Rh3 Bxb5 42. cxb5 Rxd6 43. g3 Ne2+ 44. Kf1 Nc3 45. a4 Rd4 46. g4 Nxa4
47. Ra3 Nb2 48. Ra7+ Kh6 49. Rb7 Rc4 50. Bb3 Rb4 51. Bg8 Rxb5 52. h4 g5 53.
Rh7+ Kg6 54. h5# 1-0

[Event "European Youth Chess Championship G10"]
[Site "Prague, Top Hotel Prague"]
[Date "2016.08.27"]
[Round "9.25"]
[White "Karavitaki, Antonia"]
[Black "Gagua, Nani"]
[Result "0-1"]
[WhiteElo "1115"]
[BlackElo "1382"]
[PlyCount "70"]
[EventDate "2016.08.18"]

1. e4 c5 2. Nf3 d6 3. d4 cxd4 4. Nxd4 Nf6 5. Nc3 g6 6. Be3 Bg7 7. f3 O-O 8. Qd2
Nc6 9. Bc4 Bd7 10. O-O-O Rc8 11. Bb3 Nxd4 12. Bxd4 b5 13. h4 a5 14. a4 bxa4 15.
Bxa4 Bxa4 16. Nxa4 Qc7 17. Nc3 Rfd8 18. h5 Nxh5 19. Bxg7 Nxg7 20. Qh6 f6 21.
Qxh7+ Kf7 22. Qh6 a4 23. Qd2 a3 24. Qd5+ e6 25. Qb3 axb2+ 26. Kxb2 Rb8 27. Nb5
Rxb5 28. Qxb5 Rb8 29. Qxb8 Qxb8+ 30. Kc1 Qb4 31. Rd3 e5 32. Rhd1 Ne6 33. Rxd6
Nd4 34. Rd7+ Ke6 35. Rc7 Ne2# 0-1

[Event "European Youth Chess Championship G10"]
[Site "Prague, Top Hotel Prague"]
[Date "2016.08.27"]
[Round "9.26"]
[White "Tsirekidze, Barbare"]
[Black "Malinowska, Natalia"]
[Result "1/2-1/2"]
[WhiteElo "1382"]
[BlackElo "1272"]
[PlyCount "72"]
[EventDate "2016.08.18"]

1. e4 c5 2. Nc3 Nc6 3. g3 g6 4. Bg2 Bg7 5. d3 e6 6. Be3 b6 7. f4 Nge7 8. Nf3 d5
9. exd5 exd5 10. d4 Nf5 11. Qe2 O-O 12. Ne5 Ncxd4 13. Bxd4 Nxd4 14. Qd2 Bb7 15.
O-O Re8 16. Nf3 Qd7 17. Nxd4 Bxd4+ 18. Kh1 Rad8 19. Rae1 f5 20. Rxe8+ Qxe8 21.
Re1 Qd7 22. a3 a5 23. Nd1 Bg7 24. c3 d4 25. cxd4 cxd4 26. Bxb7 Qxb7+ 27. Qg2
Qxg2+ 28. Kxg2 Kf7 29. Kf3 Re8 30. Rxe8 Kxe8 31. Ke2 Kd7 32. Kd3 Kc6 33. b3 b5
34. Nf2 Kd5 35. Nh3 h6 36. Ng1 Bf6 1/2-1/2

[Event "European Youth Chess Championship G10"]
[Site "Prague, Top Hotel Prague"]
[Date "2016.08.27"]
[Round "9.27"]
[White "Kanteraki, Maria-Myrto"]
[Black "Kuczynska, Katarzyna"]
[Result "1/2-1/2"]
[WhiteElo "1368"]
[BlackElo "1266"]
[PlyCount "63"]
[EventDate "2016.08.18"]

1. e4 c5 2. Nf3 Nc6 3. d4 cxd4 4. Nxd4 e5 5. Nb5 a6 6. Nd6+ Bxd6 7. Qxd6 Qf6 8.
Qxf6 Nxf6 9. Nc3 O-O 10. f3 h6 11. Na4 Rd8 12. Nb6 Rb8 13. c4 Nd4 14. Bd3 d6
15. O-O Nd7 16. Nd5 b5 17. cxb5 axb5 18. b4 Kh8 19. f4 f6 20. Ne7 Bb7 21. Bb2
Kh7 22. Bxd4 exd4 23. e5+ Kh8 24. Ng6+ Kh7 25. e6 Nb6 26. Nh4+ Kh8 27. e7 Re8
28. Bxb5 d3 29. Bxe8 Rxe8 30. Nf5 Nc4 31. Rac1 Bd5 32. Rc3 1/2-1/2

[Event "European Youth Chess Championship G10"]
[Site "Prague, Top Hotel Prague"]
[Date "2016.08.27"]
[Round "9.28"]
[White "Pshevskaya, Yana"]
[Black "Kucharska, Helena"]
[Result "1/2-1/2"]
[WhiteElo "1362"]
[BlackElo "1206"]
[PlyCount "122"]
[EventDate "2016.08.18"]

1. e4 e6 2. b3 d5 3. Bb2 Nf6 4. e5 Nfd7 5. Nf3 c5 6. Nc3 Nc6 7. Bb5 a6 8. Bxc6
bxc6 9. O-O Be7 10. Qe2 O-O 11. h3 a5 12. Nh2 Ba6 13. d3 Qc7 14. f4 Rab8 15.
Rab1 Nb6 16. Qd2 d4 17. Ne4 Nd5 18. Ba3 Nb4 19. Bxb4 cxb4 20. Nf3 c5 21. Nfg5
h6 22. Nf3 Bb7 23. Ng3 Ra8 24. Qe2 Ra7 25. Nd2 Rfa8 26. Nc4 a4 27. Ne4 Bxe4 28.
Qxe4 axb3 29. axb3 Ra2 30. Rb2 R2a6 31. f5 exf5 32. Qxf5 Rf8 33. Qe4 Rg6 34.
Ra2 Qd7 35. Kh2 f5 36. exf6 Rgxf6 37. Rxf6 Bxf6 38. Ra8 Qc7+ 39. Kg1 Rxa8 40.
Qxa8+ Kf7 41. Qd5+ Ke7 42. Qe4+ Kd8 43. Qd5+ Ke8 44. Qe6+ Be7 45. Ne5 Qd6 46.
Qxd6 Bxd6 47. Nc4 Bc7 48. Kf2 Ke7 49. Kf3 Ke6 50. Ke4 g6 51. Nd2 g5 52. Nf3 Bd6
53. Nd2 Bf4 54. Nc4 Bc7 55. g4 Bd8 56. Ne5 Bc7 57. Nf3 Bf4 58. h4 Be3 59. h5
Bf4 60. Ng1 Bh2 61. Nf3 Bf4 1/2-1/2

[Event "European Youth Chess Championship G10"]
[Site "Prague, Top Hotel Prague"]
[Date "2016.08.27"]
[Round "9.29"]
[White "Fizerova, Lucie"]
[Black "Li, Darina"]
[Result "1/2-1/2"]
[WhiteElo "1338"]
[BlackElo "1182"]
[PlyCount "74"]
[EventDate "2016.08.18"]

 1. e4 e5 2. f4 Nc6 3. Nf3 d6 4. Bc4 Be7 5.
O-O Nf6 6. d3 O-O 7. c3 Bg4 8. h3 Bd7 9. Qe2 Nh5 10. fxe5 dxe5 11. Qf2 Kh8 12.
d4 exd4 13. cxd4 Qe8 14. Nc3 f6 15. g4 Qg6 16. Nh4 Qe8 17. gxh5 Qxh5 18. Be2
Qf7 19. e5 Bxh3 20. Rd1 f5 21. Kh2 Bxh4 22. Qxh4 Bg4 23. Bxg4 fxg4 24. Qxg4
Qf2+ 25. Qg2 Qh4+ 26. Kg1 Nxd4 27. Rf1 Rxf1+ 28. Qxf1 Qg3+ 29. Kh1 Qh4+ 30. Kg1
Qg3+ 31. Kh1 Qh4+ 32. Kg2 Qg4+ 33. Kh1 Qh4+ 34. Kg2 Qg4+ 35. Kh1 Qh4+ 36. Kg1
Qg3+ 37. Kh1 Qh4+ 1/2-1/2

[Event "European Youth Chess Championship G10"]
[Site "Prague, Top Hotel Prague"]
[Date "2016.08.27"]
[Round "9.30"]
[White "Cornileau, Juliette"]
[Black "Birkisdottir, Freyja"]
[Result "1/2-1/2"]
[WhiteElo "1317"]
[BlackElo "1176"]
[PlyCount "66"]
[EventDate "2016.08.18"]

1. e4 c5 2. Nc3 e6 3. f4 Nc6 4. Nf3 a6 5. g3 b5 6. Bg2 Bb7 7. O-O d5 8. d3 d4
9. Ne2 Qb6 10. b3 c4 11. Kh1 c3 12. a3 a5 13. Qe1 Nge7 14. Qf2 Rd8 15. Nxc3 Nc8
16. Ne2 Bc5 17. Bd2 O-O 18. Qe1 b4 19. axb4 Nxb4 20. Qc1 Nc6 21. Be1 Rd7 22.
Nd2 Ba6 23. e5 Bb4 24. Ne4 Bxe1 25. Qxe1 Nb4 26. Qd2 Bb7 27. Rfe1 f6 28. exf6
Bxe4 29. Bxe4 Rxf6 30. Bg2 Rc7 31. Rac1 Na2 32. Ra1 Nb4 33. Rac1 Na2 1/2-1/2

[Event "European Youth Chess Championship G10"]
[Site "Prague, Top Hotel Prague"]
[Date "2016.08.27"]
[Round "9.31"]
[White "Kowalczyk, Barbara"]
[Black "Dubovik, Maria"]
[Result "0-1"]
[WhiteElo "1100"]
[BlackElo "1274"]
[PlyCount "70"]
[EventDate "2016.08.18"]

1. e4 c5 2. c3 e5 3. d4 cxd4 4. cxd4 exd4 5. Qxd4 Nc6 6. Qd1 Nf6 7. Bg5 Qa5+ 8.
Qd2 Bb4 9. Nc3 Nxe4 10. Qe3 d5 11. Nge2 Bc5 12. Qf3 Nxg5 13. Qxd5 Ne6 14. g3
Nb4 15. Qd2 O-O 16. Bg2 Rd8 17. Nd5 Nc2+ 18. Kd1 Qxd2+ 19. Kxd2 Nxa1 20. Rxa1
Nc7 21. Nef4 Be6 22. Ke2 Bxd5 23. Nxd5 Nxd5 24. Rd1 Re8+ 25. Kf1 Nf6 26. Kg1
Rad8 27. Rc1 Rc8 28. Rd1 Rcd8 29. Rc1 b6 30. h3 Re2 31. Rf1 Rdd2 32. g4 Bxf2+
33. Kh2 Bc5 34. g5 Rxg2+ 35. Kh1 Rh2# 0-1

[Event "European Youth Chess Championship G10"]
[Site "Prague, Top Hotel Prague"]
[Date "2016.08.27"]
[Round "9.33"]
[White "Butenandt, Svenja"]
[Black "Vankova, Marie"]
[Result "1-0"]
[WhiteElo "1501"]
[BlackElo "1162"]
[PlyCount "113"]
[EventDate "2016.08.18"]

1. e4 e5 2. Nf3 Nc6 3. Nc3 Nf6 4. d4 exd4 5. Nxd4 Bb4 6. Nxc6 bxc6 7. Bd3 O-O
8. O-O Re8 9. Qf3 Bc5 10. Bg5 Bd4 11. Rfe1 d6 12. h3 h6 13. Be3 Be5 14. a3 Be6
15. Bf4 Bd4 16. Rab1 Rb8 17. Be3 Bxe3 18. Qxe3 Rb7 19. Na4 a5 20. Ba6 Rb8 21.
Qc3 Bd7 22. e5 dxe5 23. Rxe5 Rxe5 24. Qxe5 Be6 25. Nc5 Qd5 26. Qxc7 Re8 27.
Nxe6 Qxe6 28. b3 Qe4 29. Bd3 Qd5 30. Bc4 Qd7 31. Qxa5 Qd6 32. a4 Re5 33. Qc3
Ne4 34. Qd3 Qxd3 35. Bxd3 Nc3 36. Ra1 Ne2+ 37. Bxe2 Rxe2 38. a5 Re8 39. a6 Ra8
40. Kf1 Kf8 41. Ke2 Ke8 42. Kd3 Kd7 43. Kc4 Kc7 44. Kc5 Ra7 45. b4 Ra8 46. a7
Kb7 47. c4 Kc7 48. Re1 Rxa7 49. Re7+ Kb8 50. Rxa7 Kxa7 51. Kxc6 Kb8 52. b5 Kc8
53. b6 Kb8 54. Kd7 Kb7 55. c5 Kb8 56. c6 Ka8 57. c7 1-0

[Event "European Youth Chess Championship G10"]
[Site "Prague, Top Hotel Prague"]
[Date "2016.08.27"]
[Round "9.34"]
[White "Jovanovic, Anja"]
[Black "Ratnesan, Radha"]
[Result "1/2-1/2"]
[WhiteElo "1372"]
[BlackElo "1074"]
[PlyCount "77"]
[EventDate "2016.08.18"]

1. e4 e5 2. Nf3 Nc6 3. Bc4 Bc5 4. Nc3 d6 5. h3 Nf6 6. d3 h6 7. O-O Be6 8. Bb3
Qd7 9. Be3 Bb6 10. d4 exd4 11. Nxd4 O-O-O 12. Nxe6 fxe6 13. Bxb6 axb6 14. Qe2
g5 15. Ba4 Qg7 16. Bxc6 bxc6 17. e5 dxe5 18. Qxe5 Rhe8 19. Ne4 Nh5 20. Qxg7
Nxg7 21. Rad1 Nf5 22. c3 Nd6 23. Nxd6+ Rxd6 24. Rxd6 cxd6 25. f4 Rf8 26. fxg5
Rxf1+ 27. Kxf1 hxg5 28. Kf2 Kd7 29. Kf3 Ke7 30. b4 b5 31. Ke4 Kf6 32. a3 e5 33.
Ke3 e4 34. g3 Ke5 35. Ke2 d5 36. Ke3 Kf5 37. Ke2 Ke5 38. Ke3 Kf5 39. Ke2
1/2-1/2

[Event "European Youth Chess Championship G10"]
[Site "Prague, Top Hotel Prague"]
[Date "2016.08.27"]
[Round "9.36"]
[White "Trasakova, Adela"]
[Black "Anchikova, Olga"]
[Result "0-1"]
[WhiteElo "1052"]
[BlackElo "1283"]
[PlyCount "102"]
[EventDate "2016.08.18"]

1. d4 d5 2. Nf3 Nf6 3. Bf4 c5 4. c3 Nc6 5. e3 e6 6. Nbd2 Bd6 7. Bg3 O-O 8. Bd3
b6 9. O-O Bb7 10. e4 Bxg3 11. hxg3 dxe4 12. Nxe4 cxd4 13. Nxf6+ Qxf6 14. cxd4
Rfd8 15. Be4 Rac8 16. Bxc6 Bxc6 17. Ne5 Bb7 18. Qa4 Rc7 19. Qxa7 Rxd4 20. Qb8+
Qd8 21. Qxd8+ Rxd8 22. Rac1 Rdc8 23. Rxc7 Rxc7 24. Rd1 g6 25. Rd7 Rxd7 26. Nxd7
b5 27. f3 Kg7 28. Kf2 Bc6 29. Nc5 Kf6 30. Ke3 e5 31. Kd3 Kf5 32. Kc3 h5 33. Kb4
g5 34. a4 bxa4 35. Nxa4 e4 36. fxe4+ Bxe4 37. Ka5 Bxg2 38. b4 h4 39. gxh4 gxh4
40. b5 h3 41. b6 h2 42. Nc5 h1=Q 43. b7 Bxb7 44. Nxb7 Qxb7 45. Ka4 Qb6 46. Ka3
Qb5 47. Ka2 Qb4 48. Ka1 Ke4 49. Ka2 Kd3 50. Ka1 Kc2 51. Ka2 Qb2# 0-1

[Event "European Youth Chess Championship G10"]
[Site "Prague, Top Hotel Prague"]
[Date "2016.08.27"]
[Round "9.38"]
[White "Rozmanec, Pia"]
[Black "Szuscikova, Natalie"]
[Result "1-0"]
[WhiteElo "1094"]
[BlackElo "1163"]
[PlyCount "51"]
[EventDate "2016.08.18"]

1. e4 c5 2. Nf3 d6 3. d4 cxd4 4. Nxd4 Nf6 5. Nc3 g6 6. f3 Bg7 7. Be3 O-O 8. Qd2
Nc6 9. g4 h5 10. gxh5 Nxh5 11. O-O-O Bd7 12. Be2 Rc8 13. Kb1 Qb6 14. Ne6 Qa5
15. Nxf8 Rxf8 16. f4 Rc8 17. Bxh5 gxh5 18. Qg2 Kh7 19. Rd5 Qd8 20. Rxh5+ Kg8
21. Rg1 Qf8 22. Rg5 e5 23. Rxg7+ Kh8 24. Qg5 Qg8 25. Qh6+ Qh7 26. Qxh7# 1-0

[Event "European Youth Chess Championship G10"]
[Site "Prague, Top Hotel Prague"]
[Date "2016.08.27"]
[Round "9.45"]
[White "Zrmanovska, Mihaela"]
[Black "Levchenko, Marina"]
[Result "0-1"]
[WhiteElo "1091"]
[BlackElo "1240"]
[PlyCount "150"]
[EventDate "2016.08.18"]

1. e4 e5 2. Nf3 Nc6 3. Bc4 Nf6 4. d3 Bc5 5. Nc3 d6 6. Be3 Bb6 7. Qd2 h6 8. h3
Qe7 9. a3 Be6 10. Bb3 Bxb3 11. cxb3 O-O 12. g4 Bxe3 13. Qxe3 Rfe8 14. g5 hxg5
15. Qxg5 Nh7 16. Qg4 Qe6 17. Qxe6 fxe6 18. Nb5 Re7 19. Ke2 a6 20. Nc3 Rf8 21.
Rhg1 Rd7 22. Rad1 Rdf7 23. Rg3 Nd4+ 24. Nxd4 exd4 25. Nb1 Rxf2+ 26. Ke1 Rf1+
27. Kd2 Rxd1+ 28. Kxd1 Nf6 29. Nd2 Nd7 30. Nc4 b6 31. Rg6 Rf3 32. Kd2 e5 33. h4
Nf6 34. a4 Rh3 35. b4 Rxh4 36. a5 b5 37. Na3 Rh3 38. Nc2 Kf7 39. Rg5 Rh4 40.
Rf5 g6 41. Rf3 Rf4 42. Rh3 Kg7 43. Ne1 Nh5 44. Nf3 Rg4 45. Rh4 Rg2+ 46. Kc1 Nf4
47. Nh2 Nxd3+ 48. Kd1 Nxb2+ 49. Ke1 d3 50. Nf3 Nc4 51. Kd1 c5 52. bxc5 dxc5 53.
Rh2 Rxh2 54. Nxh2 b4 55. Kc1 b3 56. Nf3 b2+ 57. Kb1 d2 58. Nxd2 Nxd2+ 59. Kxb2
Nxe4 60. Kb3 Kf6 61. Kc4 Ke6 62. Kd3 Kd5 63. Ke3 c4 64. Ke2 c3 65. Kd1 g5 66.
Kc2 g4 67. Kd3 g3 68. Ke3 c2 69. Kf3 c1=Q 70. Kg2 Nf6 71. Kxg3 Qf4+ 72. Kg2 Ke4
73. Kh3 Qg5 74. Kh2 Kf3 75. Kh1 Qg2# 0-1